000 00316nam a22001217a 4500
008 160428b xxu||||| |||| 00| 0 eng d
020 _a9781556644313
020 _a1556644310
041 _aeng
080 _a618.2
245 _aNursing research
_cHarriet R. Feldman; Rona F.Lein; Geri LoBiondo Wood;
942 _2udc
_cBK
999 _c1655
_d1655